Normal view
MARC view
- S A Bhatti
Entry Personal Name
001 - CONTROL NUMBER
- control field: 103699
003 - CONTROL NUMBER IDENTIFIER
- control field: NUST
005 - DATE AND TIME OF LATEST TRANSACTION
- control field: 20221128141045.0
008 - FIXED-LENGTH DATA ELEMENTS
- fixed length control field: 221128|| aca||aabn | a|a d
040 ## - CATALOGING SOURCE
- Original cataloging agency: NUST
- Transcribing agency: NUST
100 ## - HEADING--PERSONAL NAME
- Personal name: S A Bhatti
670 ## - SOURCE DATA FOUND
- Source citation: Work cat.: (NUST)189534: S A Bhatti, A First Course in Numerical Analysis With C++, 2011
